Pembangunan modal insan : koleksi ucapan Dato' Seri Abdullah Ahmad Badawi = (Record no. 3074)

000 -LEADER
fixed length control field nam a22 a 4500
003 - CONTROL NUMBER IDENTIFIER
control field AKMAL
005 - DATE AND TIME OF LATEST TRANSACTION
control field 20170519110332.0
008 - FIXED-LENGTH DATA ELEMENTS--GENERAL INFORMATION
fixed length control field 170519s2006 my | e | a001 s may d
020 ## - INTERNATIONAL STANDARD BOOK NUMBER
International Standard Book Number 9833109144 (kkt.) :
Terms of availability RM45.00
039 #9 - LEVEL OF BIBLIOGRAPHIC CONTROL AND CODING DETAIL [OBSOLETE]
Level of rules in bibliographic description 200912081513
Level of effort used to assign nonsubject heading access points azma
Level of effort used to assign subject headings 200912080900
Level of effort used to assign classification hayati
Level of effort used to assign subject headings 200910191059
Level of effort used to assign classification ramunai
Level of effort used to assign subject headings 200907081145
Level of effort used to assign classification norazah
040 ## - CATALOGING SOURCE
Original cataloging agency AKMAL
Transcribing agency AKMAL
041 0# - LANGUAGE CODE
Language code of text/sound track or separate title may
-- eng
049 ## - LOCAL HOLDINGS (OCLC)
Holding library klpmal
082 04 - DEWEY DECIMAL CLASSIFICATION NUMBER
Classification number 658.3 ABD
Edition number 22
090 00 - LOCALLY ASSIGNED LC-TYPE CALL NUMBER (OCLC); LOCAL CALL NUMBER (RLIN)
Classification number (OCLC) (R) ; Classification number, CALL (RLIN) (NR) 658.3
Local cutter number (OCLC) ; Book number/undivided call number, CALL (RLIN) ABD
090 20 - LOCALLY ASSIGNED LC-TYPE CALL NUMBER (OCLC); LOCAL CALL NUMBER (RLIN)
Classification number (OCLC) (R) ; Classification number, CALL (RLIN) (NR) 658.3
Local cutter number (OCLC) ; Book number/undivided call number, CALL (RLIN) ABD
100 0# - MAIN ENTRY--PERSONAL NAME
Personal name Abdullah Ahmad Badawi,
Titles and words associated with a name Tun,
Dates associated with a name 1939-
9 (RLIN) 482
245 10 - TITLE STATEMENT
Title Pembangunan modal insan : koleksi ucapan Dato' Seri Abdullah Ahmad Badawi =
Remainder of title Human capital development : collection of speeches by Dato' Seri Abdullah Ahmad Badawi /
Statement of responsibility, etc. Abdullah Ahmad Badawi
246 31 - VARYING FORM OF TITLE
Title proper/short title Human capital development :
Remainder of title collection of speeches by Dato' Seri Abdullah Ahmad Badawi
260 ## - PUBLICATION, DISTRIBUTION, ETC.
Place of publication, distribution, etc. Kuala Lumpur :
Name of publisher, distributor, etc. Institut Tadbiran Awam Negara,
Date of publication, distribution, etc. 2006
300 ## - PHYSICAL DESCRIPTION
Extent xxvii, 296ms. ;
Dimensions 25cm.
500 ## - GENERAL NOTE
General note Mengandungi indeks
546 ## - LANGUAGE NOTE
Language note Teks sejajar bahasa Malaysia dan Inggeris
650 10 - SUBJECT ADDED ENTRY--TOPICAL TERM
Topical term or geographic name entry element Human capital
Geographic subdivision Malaysia
9 (RLIN) 3398
650 20 - SUBJECT ADDED ENTRY--TOPICAL TERM
Topical term or geographic name entry element Labor policy
Geographic subdivision Malaysia
9 (RLIN) 6383
650 20 - SUBJECT ADDED ENTRY--TOPICAL TERM
Topical term or geographic name entry element Islam and state
Geographic subdivision Malaysia
9 (RLIN) 1538
650 20 - SUBJECT ADDED ENTRY--TOPICAL TERM
Topical term or geographic name entry element Islam
General subdivision Doctrines
9 (RLIN) 894
710 2# - ADDED ENTRY--CORPORATE NAME
Corporate name or jurisdiction name as entry element Institut Tadbiran Awam Negara
9 (RLIN) 410
942 ## - ADDED ENTRY ELEMENTS (KOHA)
Source of classification or shelving scheme
Koha item type Book
Holdings
Withdrawn status Lost status Source of classification or shelving scheme Damaged status Not for loan Collection code Home library Current library Date acquired Inventory number Total Checkouts Full call number Barcode Date last seen Price effective from Koha item type
          NON-FICTION AKMAL Melaka AKMAL Melaka 19.05.2017 602446   658.3 ABD 201703707 19.05.2017 19.05.2017 Book
Pusat Sumber Maklumat Dato' Haji Sarmin Md Hussin, Akademi Kastam Diraja Malaysia, Melaka
Tel: 06-2331106 | Faks: 06-2313787